| 000 | 02965nam a22003731 4500 | ||
|---|---|---|---|
| 005 | 20050808122104.0 | ||
| 008 | 721219s1962 nyu 000 0 eng | ||
| 010 | _aB-346675-686 | ||
| 020 |
_a9780007228294 _c325.00 |
||
| 020 |
_a9780007228294 _c325.00 |
||
| 035 | _aB-346675-686 | ||
| 037 | _bAakar Books | ||
| 040 |
_adpl _bEnglish |
||
| 082 | _aN | ||
| 100 | _aBuckley, Jonathan | ||
| 245 |
_aSo he takes the dog / _cby Jonathan Buckley |
||
| 260 |
_aLondon _bHarper Perennial _c2008 |
||
| 270 |
_a77-85, Fulham Palace Road, Hammersmith _b London _eW6 8JB |
||
| 300 |
_a327, 16p. _c20cm. (pbk) |
||
| 942 |
_2ddc _cEN _hN _mBUC |
||
| 999 |
_c23817 _d23817 |
||